UBT Library

The WTO agreements : (Record no. 305)

000 -LEADER
fixed length control field 00819mam a2200229 a 4500
005 - DATE AND TIME OF LATEST TRANSACTION
control field 20131113101931.0
008 - FIXED-LENGTH DATA ELEMENTS--GENERAL INFORMATION
fixed length control field 980710s1998 enk 000 0 eng d
020 ## - INTERNATIONAL STANDARD BOOK NUMBER
International Standard Book Number 1856495833
020 ## - INTERNATIONAL STANDARD BOOK NUMBER
International Standard Book Number 1856495841
041 0# - LANGUAGE CODE
Language code of text/sound track or separate title eng
080 ## - UNIVERSAL DECIMAL CLASSIFICATION NUMBER
Universal Decimal Classification number 339.9
100 1# - Rafti
Rafti Das, Bhagirath Lal.
245 14 - TITLE STATEMENT
Title The WTO agreements :
Statement of responsibility, etc Bhagirath Lal Das.
260 ## -
-- London :
-- Zed Books ;
-- Penang, Malaysia :
-- Third World Network ;
-- New York, NY, USA :
-- Distributed in the USA exclusively by St. Martin's Press,
-- c1998.
300 ## -
-- xii, 122 p. ;
-- 24 cm.
500 ## -
-- Preface : f. IX-XII
610 20 -
-- Organizata Botërore e tregtisë
611 20 -
-- Uruguay Round
-- (1987-1994)
650 #0 -
-- Tregu ndërkombëtar
650 #0 -
-- Tregu i lirë
-- Vendet në zhvillim
942 ## - ADDED ENTRY ELEMENTS (KOHA)
Source of classification or shelving scheme
Item type Books
Holdings
Withdrawn status Lost status Source of classification or shelving scheme Damaged status Not for loan Collection code Permanent location Current location Shelving location Date acquired Total Checkouts Full call number Barcode Date last seen Price effective from Koha item type
          Koleksioni i përgjithshem UBT - Prishtine UBT - Prishtine Koleksioni i përgjithshem 11/13/2013   339.9 DAS 001-000385 11/13/2013 11/13/2013 Books
UBT Library © 2015-2024. All rights reserved University Education for Business and Technology